000 00938cam a22002893a 4500
001 4077
003 PGUSA
005 20140828083048.0
008 030501s2003||||xxu|||||s|||||000 | eng d
040 _aPGUSA
_beng
042 _adc
050 4 _aE011
050 4 _aF1001
100 1 _aLeacock, Stephen,
_d1869-1944
245 1 4 _aThe Mariner of St. Malo :
_bA chronicle of the voyages of Jacques Cartier
_h[electronic resource] /
_cStephen Leacock
260 _bProject Gutenberg,
_c2003
506 _aPublic domain in the USA.
516 _aElectronic text
653 _aNew France -- Discovery and exploration
653 _aCartier, Jacques, 1491-1557
653 _aAmerica -- Discovery and exploration -- French
700 1 _aWrong, George McKinnon,
_d1860-1948
700 1 _aLangton, H. H.
_q(Hugh Hornby),
_d1862-1953
830 0 _aProject Gutenberg
_v4077
856 4 0 _uhttp://www.gutenberg.org/ebooks/4077
942 _cEB
999 _c233406
_d233406